000 00453nam a2200145 a 4500
001 000046417
005 20201002052844.0
008 150811s1991 dr a 000 0 spa d
040 _aDO-SdBNP
_bspa
_cBNPHU
082 _axxxxxxxxxx
_bxxxxxxxxxx
245 0 0 _aMujer, crisis, violencia y vida cotidiana.
260 _aSanto Domingo :
_bCIPAF,
_c1991.
300 _a40 p. :
_bil. ;
_c22 cm.
710 1 _aCentro de investigación para la acción femenina
_952431
999 _c45906
_d45906